Culture Générale - Série 657 - Statistiques

Statistiques générales
  • Ce quiz a été pris 140 fois
  • Le résultat moyen est 6 sur 10
Statistiques - réponses
Question Réponse % Correct
Outre le créole, quelle est l'autre langue officielle de la République d'Haïti ? Français
95%
Comment appelle-t-on une plantation d'orangers ? orangeraie
81%
Complétez ce titre d'une pièce de Tennessee Williams : "La Chatte sur un toit... brûlant
75%
Le divertissement réunissant des célibataires qui doivent apprendre à se connaître dans le noir s'intitule "L'Amour est ... aveugle
74%
Complétez les paroles de la chanson d'Images : "Maîtresse, oh ma maîtresse, ne touche pas à mes... tresses
60%
Quelle actrice interprète Julie Lescaut, dans la série télévisée du même nom ? Véronique Genest
57%
Quelle est la capitale de l'Ouzbékistan ? Tachkent
52%
Quel acteur a prêté sa voix pendant plusieurs années pour narrer le feuilleton d'animation “Les Shadoks” ? Claude Piéplu
40%
Dans quel pays ont sévi les "Tonton Macoute" ? Haïti
40%
Quelle chanteuse a gagné le concours Eurovision de la chanson en 1971 avec "Un banc, un arbre, une rue"? Séverine
11%
Aucun quiz correspondant
Distribution des résultats
% des personnes avec chaque résultat
Percentile par nombre de réponses
Votre historique - résultats
Vous n’avez pas pris ce quiz